[Event "Challenge"]
[Site "http://www.queenalice.com/game.php?id=52874"]
[Date "2006.2.14"]
[Round "-"]
[White "ifnick"]
[Black "EmperorAtahualpa"]
[Result "0-1"]
[WhiteElo "1140"]
[BlackElo "1562"]

1. g3 e5 2. h4 d5 3. Nf3 Nc6 4. b3 Bf5 5. Rh2 Bd6 6. Bb2 Qe7 7. Nc3 Nf6 8. a3 h6
9. Bh3 Bxh3 10. Rxh3 e4 11. Ng1 a6 12. g4 d4 13. Nb1 Nxg4 14. Rg3 Bxg3 15. fxg3
Qd6 16. a4 Qxg3+ 17. Kf1 Qf2# 0-1

[Event "Let's Play Chess!"]
[Site "http://www.queenalice.com/game.php?id=56322"]
[Date "2006.3.8"]
[Round "-"]
[White "MikeDoherty"]
[Black "EmperorAtahualpa"]
[Result "1-0"]
[WhiteElo "1956"]
[BlackElo "1503"]

1. e4 c5 2. Nf3 d6 3. d4 cxd4 4. Nxd4 Nf6 5. Nc3 a6 6. Be3 e6 7. Be2 Be7 8. O-O
O-O 9. f4 Qc7 10. Qd3 Nbd7 11. Bf3 b5 12. e5 Nc5 13. Qe2 Nd5 14. Bxd5 exd5 15.
Nxd5 Qd8 16. Nc6 Qd7 17. Ncxe7+ 1-0

[Event "chessgames.com invitational"]
[Site "http://www.queenalice.com/game.php?id=57371"]
[Date "2006.3.14"]
[Round "-"]
[White "brankat15"]
[Black "EmperorAtahualpa"]
[Result "1-0"]
[WhiteElo "1746"]
[BlackElo "1570"]

1. e4 e5 2. Nf3 Nc6 3. Bb5 Nf6 4. O-O Nxe4 5. d4 Nd6 6. Bxc6 dxc6 7. dxe5 Nf5 8.
Qxd8+ Kxd8 9. Nc3 h6 10. b3 Be6 11. Bb2 Be7 12. Rad1+ Ke8 13. Ne4 Rd8 14. h3
Rxd1 15. Rxd1 Bd5 16. Nfd2 b6 17. c4 Be6 18. g4 Nh4 19. f4 Bc8 20. f5 Bb4 21.
Kf2 g5 22. e6 Rf8 23. Bg7 Rg8 24. Nf6+ 1-0

[Event "AUTO-INT-1262"]
[Site "http://www.queenalice.com/game.php?id=567361"]
[Date "2009.4.5"]
[Round "1"]
[White "EmperorAtahualpa"]
[Black "SGF"]
[Result "1-0"]
[WhiteElo "1601"]
[BlackElo "1596"]

1. e4 e5 2. Nc3 c6 3. Nf3 Qf6 4. Bc4 b5 5. Bb3 d6 6. h3 Be7 7. d4 exd4 8. Nxd4
Qg6 9. Qf3 h6 10. a3 Nf6 11. Nf5 Bxf5 12. exf5 Qh5 13. g4 Qh4 14. Nxb5 cxb5 15.
Qxa8 O-O 16. Qxa7 Nxg4 17. Be3 Bf6 18. O-O-O Bg5 19. hxg4 Qxf2 20. Rhe1 Re8 21.
Qxf7+ Kh7 22. Qg6+ Kh8 23. Qxe8+ Kh7 24. Qg8# 1-0

[Event "AUTO-INT-1262"]
[Site "http://www.queenalice.com/game.php?id=567362"]
[Date "2009.4.5"]
[Round "1"]
[White "SGF"]
[Black "EmperorAtahualpa"]
[Result "0-1"]
[WhiteElo "1560"]
[BlackElo "1542"]

1. e4 c5 2. Bc4 e6 3. d4 Qb6 4. Qd2 d5 5. exd5 exd5 6. Bxd5 cxd4 7. Qe2+ Be6 8.
Nd2 Bb4 9. c3 dxc3 10. Nc4 cxb2+ 11. Bd2 bxa1=Q+ 12. Qd1 Bxd2+ 13. Kxd2 Qbd4+
14. Ke2 Qaxd1# 0-1

[Event "AUTO-INT-1262"]
[Site "http://www.queenalice.com/game.php?id=567363"]
[Date "2009.4.5"]
[Round "1"]
[White "EmperorAtahualpa"]
[Black "pretinho_basico"]
[Result "1-0"]
[WhiteElo "1584"]
[BlackElo "1322"]

1. e4 c5 2. Nf3 d6 3. d4 b6 4. b3 g6 5. Bb2 Bg7 6. c3 e6 7. Bd3 Bb7 8. Nbd2 Ne7
9. O-O O-O 10. Qc2 Na6 11. a3 Rc8 12. c4 cxd4 13. Nxd4 d5 14. Nb5 1-0

[Event "AUTO-INT-1262"]
[Site "http://www.queenalice.com/game.php?id=567364"]
[Date "2009.4.5"]
[Round "1"]
[White "pretinho_basico"]
[Black "EmperorAtahualpa"]
[Result "0-1"]
[WhiteElo "1322"]
[BlackElo "1593"]

1. e4 Nf6 2. Nc3 e5 3. Nf3 Nc6 4. Bb5 d6 5. d3 Be7 6. Bg5 O-O 7. O-O h6 8. Bxf6
Bxf6 9. Nd5 Bg4 10. h3 Bxf3 11. Qxf3 Bg5 12. a4 Nd4 13. Qd1 c6 0-1

[Event "AUTO-INT-1262"]
[Site "http://www.queenalice.com/game.php?id=567365"]
[Date "2009.4.5"]
[Round "1"]
[White "EmperorAtahualpa"]
[Black "samuelrmgs"]
[Result "1-0"]
[WhiteElo "1574"]
[BlackElo "1317"]

1. e4 e5 2. Nf3 Bc5 3. Bc4 Bb6 4. O-O Nf6 5. Nxe5 O-O 6. Re1 Re8 7. Bxf7+ Kf8 8.
Bxe8 Qxe8 9. Ng4 Nh5 10. d3 d6 11. Be3 Bc5 12. Bxc5 dxc5 13. Nd2 Nc6 14. Nf1 h6
15. Ng3 Nf4 16. Qd2 Qf7 17. Ne3 Nd4 18. c3 Nde6 19. d4 cxd4 20. cxd4 Nd8 21.
Nef5 Nde6 22. d5 Ng5 23. Qxf4 a5 24. Qh4 b5 25. Nxh6 Qe7 26. Qf4+ Ke8 27. Nhf5
Qf6 28. Qxc7 Qa6 29. Qe7# 1-0

[Event "AUTO-INT-1262"]
[Site "http://www.queenalice.com/game.php?id=567366"]
[Date "2009.4.5"]
[Round "1"]
[White "samuelrmgs"]
[Black "EmperorAtahualpa"]
[Result "0-1"]
[WhiteElo "1342"]
[BlackElo "1625"]

1. e4 e6 2. Qh5 c5 3. Qf3 Nc6 4. Nh3 d5 5. Bb5 Bd7 6. Ng5 Qxg5 7. h3 dxe4 8.
Qxe4 Nf6 9. Qe3 Qxe3+ 10. dxe3 Nb4 11. O-O Bxb5 12. Rd1 Nxc2 13. Bd2 Be7 14. Nc3
Bc6 15. Rac1 Nb4 16. Rf1 O-O 17. a3 Nd3 18. Rb1 Rfd8 19. b4 cxb4 20. axb4 Nxb4
21. Nd1 Rxd2 22. Nc3 Rad8 23. Rbd1 Rxd1 24. Nxd1 a5 25. Nb2 a4 26. Nc4 b5 27.
Na5 Bd5 28. Kh1 Ra8 29. Nc6 Nxc6 30. Kh2 a3 31. Ra1 b4 32. Rb1 a2 33. Ra1 b3 34.
g3 b2 35. Re1 b1=Q 36. Rxb1 axb1=Q 37. h4 Qh1# 0-1

[Event "AUTO-OPEN-1520"]
[Site "http://www.queenalice.com/game.php?id=574215"]
[Date "2009.4.19"]
[Round "1"]
[White "pedepano"]
[Black "EmperorAtahualpa"]
[Result "0-1"]
[WhiteElo "1639"]
[BlackElo "1590"]

1. e4 e6 2. d4 d5 3. Nc3 Nf6 4. Bg5 Bb4 5. e5 h6 6. Bd2 Bxc3 7. Bxc3 Ne4 8. Qg4
O-O 9. Bb4 Re8 10. f3 Qg5 11. Qxg5 Nxg5 12. Bd2 Nh7 13. Bd3 Bd7 14. f4 b6 15.
Nf3 c5 0-1

[Event "AUTO-OPEN-1520"]
[Site "http://www.queenalice.com/game.php?id=574216"]
[Date "2009.4.19"]
[Round "1"]
[White "EmperorAtahualpa"]
[Black "pedepano"]
[Result "1-0"]
[WhiteElo "1610"]
[BlackElo "1639"]

1. e4 e5 2. Nc3 Nc6 3. f4 exf4 4. Nf3 g5 5. h4 g4 6. Ng5 h6 7. Nxf7 Kxf7 8. Bc4+
Ke8 9. Qxg4 Qe7 10. Bxg8 d6 11. Qg6+ Kd8 12. Nd5 Qg7 13. Qxg7 Bxg7 14. Bf7 Ne5
15. Bh5 c6 16. Nxf4 1-0

[Event "AUTO-OPEN-1520"]
[Site "http://www.queenalice.com/game.php?id=574243"]
[Date "2009.4.19"]
[Round "1"]
[White "Bf7"]
[Black "EmperorAtahualpa"]
[Result "1-0"]
[WhiteElo "1500"]
[BlackElo "1631"]

1. d4 d5 2. c4 c6 3. Nf3 Nf6 4. e3 Bf5 5. Nc3 e6 6. b3 Bd6 7. Bb2 h6 8. Bd3 Bg4
9. O-O O-O 10. e4 e5 11. dxe5 Bxe5 12. exd5 cxd5 13. Be2 Re8 14. Nxe5 Bxe2 15.
Qxe2 Qd6 16. Nb5 1-0

[Event "AUTO-OPEN-1520"]
[Site "http://www.queenalice.com/game.php?id=574244"]
[Date "2009.4.19"]
[Round "1"]
[White "EmperorAtahualpa"]
[Black "Bf7"]
[Result "0-1"]
[WhiteElo "1603"]
[BlackElo "1741"]

1. e4 c5 2. Nf3 d6 3. d4 cxd4 4. Nxd4 Nf6 5. Nc3 a6 6. f4 e5 7. Nf3 Nbd7 8. Bc4
Be7 9. O-O O-O 10. a3 b5 11. Ba2 Bb7 12. Qd3 Nc5 13. Qe2 Ncxe4 14. Nxe4 Bxe4 15.
fxe5 dxe5 16. Bg5 Bxf3 17. Rxf3 Qd4+ 0-1

[Event "AUTO-INT-1262"]
[Site "http://www.queenalice.com/game.php?id=608234"]
[Date "2009.6.24"]
[Round "2"]
[White "EmperorAtahualpa"]
[Black "sh_sla"]
[Result "0-1"]
[WhiteElo "1627"]
[BlackElo "1931"]

1. e4 e5 2. Nf3 Nc6 3. Bb5 d6 4. O-O Bd7 5. Bxc6 Bxc6 6. d3 h6 7. Nc3 Be7 8. b4
a6 9. Nd5 f5 10. Nxe7 Nxe7 11. exf5 Nxf5 12. Nxe5 O-O 13. Nxc6 bxc6 14. c3 a5
15. Qa4 axb4 16. Qxc6 bxc3 17. Qxc3 Rf6 18. Bb2 Rg6 19. Rfc1 Qg5 20. g3 Rf8 21.
Qb3+ Kh7 22. Rxc7 h5 23. d4 h4 24. Rd1 hxg3 25. hxg3 Qg4 26. Kf1 Nxg3+ 27. Ke1
Ne4 28. Rf7 Re8 29. Rd3 Nc5+ 0-1

[Event "AUTO-INT-1262"]
[Site "http://www.queenalice.com/game.php?id=608235"]
[Date "2009.6.24"]
[Round "2"]
[White "sh_sla"]
[Black "EmperorAtahualpa"]
[Result "1-0"]
[WhiteElo "1864"]
[BlackElo "1624"]

1. e4 e5 2. Bc4 Nf6 3. d3 Bc5 4. f4 Nc6 5. Nf3 d6 6. a3 a6 7. b4 Ba7 8. fxe5
Nxe5 9. Nbd2 b5 10. Ba2 O-O 11. Bb2 Nfg4 12. Qe2 Re8 13. h3 Ne3 14. Bb3 Nxf3+
15. Qxf3 Be6 16. c4 bxc4 17. Nxc4 Bxc4 18. dxc4 Qh4+ 19. Kd2 Qxe4 20. Qg3 Qxg2+
21. Qxg2 Nxg2 22. Raf1 Rad8 23. Kc1 Re4 24. Rh2 Nf4 25. Bc2 Rxc4 26. Kb1 Re8 27.
Bb3 Rce4 28. Bc1 Ne6 29. Rg2 Re7 30. Bd2 g6 31. Bxe6 R7xe6 32. Bg5 Rc4 33. Kb2
Be3 34. Bd8 d5 35. Rd1 d4 36. Rc2 Rxc2+ 37. Kxc2 f5 38. Kd3 Rc6 39. h4 Rc3+ 40.
Ke2 Kf7 41. Bg5 Rxa3 42. Bxe3 Rxe3+ 43. Kf2 Re4 44. Rc1 Re7 45. Rd1 Rd7 46. Ke2
Ke6 47. Kd3 Kd5 48. Rc1 c6 49. Rc5+ 1-0

[Event "AUTO-INT-1262"]
[Site "http://www.queenalice.com/game.php?id=608237"]
[Date "2009.6.24"]
[Round "2"]
[White "proficio"]
[Black "EmperorAtahualpa"]
[Result "1-0"]
[WhiteElo "1968"]
[BlackElo "1618"]

1. e4 c5 2. Nf3 d6 3. Bb5+ Bd7 4. Bxd7+ Qxd7 5. O-O Nc6 6. d4 cxd4 7. Nxd4 g6 8.
c3 Bg7 9. Nf3 Rd8 10. Qe2 Nf6 11. Bf4 1-0